[Event "AUTO-OPEN-4615"]
[Site "http://www.queenalice.com/game.php?id=1863182"]
[Date "2025.9.19"]
[Round "1"]
[White "josebaron"]
[Black "Tonto"]
[Result "1-0"]
[WhiteElo "2175"]
[BlackElo "2022"]

1. e4 e5 2. Nf3 Nc6 3. Bc4 Be7 4. d3 Nf6 5. Ng5 O-O 6. Nf3 d6 7. O-O Na5 8. Nbd2
c6 9. b4 Nxc4 10. Nxc4 b5 11. Na5 Qb6 12. a4 bxa4 13. Rxa4 Bd7 14. c3 c5 15. Nc4
Qc6 16. Ra1 cxb4 17. cxb4 Qb5 18. Ba3 Bg4 19. h3 Bh5 20. Bb2 Bxf3 21. Qxf3 Qxb4
22. Ba3 Qb8 23. Rfb1 Qc7 24. Ne3 g6 25. Nc4 Nh5 26. Rb5 f5 27. exf5 Rxf5 28.
Qxa8+ Kg7 29. Rb7 Rf8 30. Rxc7 Rxa8 31. Rxe7+ Kh6 32. Bxd6 Nf4 33. Bxe5 Nxd3 34.
Bg7+ Kg5 35. Ra5+ Kf4 36. Bh6+ 1-0

[Event "AUTO-OPEN-4615"]
[Site "http://www.queenalice.com/game.php?id=1863183"]
[Date "2025.9.19"]
[Round "1"]
[White "Tonto"]
[Black "josebaron"]
[Result "1/2-1/2"]
[WhiteElo "1995"]
[BlackElo "2161"]

1. e4 e5 2. b3 Nf6 3. Nc3 Bc5 4. Be2 O-O 5. Nf3 d6 6. Bb2 Re8 7. Na4 Bb6 8. d3
Ba5+ 9. Nc3 Bg4 10. O-O Nc6 11. a3 Bxf3 12. Bxf3 Nd4 13. b4 Bb6 14. Na4 Nxf3+
15. Qxf3 a5 16. Nxb6 cxb6 17. b5 Rc8 18. c4 Qd7 19. h3 Qc7 1/2-1/2

[Event "AUTO-OPEN-4615"]
[Site "http://www.queenalice.com/game.php?id=1863202"]
[Date "2025.9.19"]
[Round "1"]
[White "Tonto"]
[Black "Capixabba789"]
[Result "1-0"]
[WhiteElo "1991"]
[BlackElo "1863"]

1. Nc3 e5 2. e4 Nf6 3. Bc4 Be7 4. Nf3 d6 5. Ng5 O-O 6. d3 c5 7. Qf3 Nc6 8. Ne2
Bd7 9. Ng3 Nd4 10. Qd1 a6 11. c3 Ne6 12. O-O Nxg5 13. Bxg5 b5 14. Bxf6 Bxf6 15.
Bd5 Rb8 16. a3 Kh8 17. b4 Be7 18. Qb3 f5 19. exf5 Bxf5 20. Nxf5 Rxf5 21. Be6 Rg5
22. Qd5 Qf8 23. g3 Bf6 24. Qe4 Qe8 25. Bd5 Qh5 26. Qg2 e4 27. Bxe4 Bxc3 28. Ra2
Bd4 29. Kh1 h6 30. f4 Rg4 31. Bf3 1-0

[Event "AUTO-OPEN-4615"]
[Site "http://www.queenalice.com/game.php?id=1863203"]
[Date "2025.9.19"]
[Round "1"]
[White "Capixabba789"]
[Black "Tonto"]
[Result "1-0"]
[WhiteElo "1842"]
[BlackElo "2000"]

1. d4 Nf6 2. Nc3 d5 3. f4 Bf5 4. Nf3 e6 5. e3 Bb4 6. Bd3 Bg4 7. O-O Nc6 8. Ne2
O-O 9. Ng3 Ne7 10. c3 Bd6 11. Qe1 Nf5 12. Ne5 c5 13. Bd2 c4 14. Bc2 Qb6 15. Nxf5
exf5 16. b4 cxb3 17. axb3 Bxe5 18. fxe5 Ne4 19. Bc1 Rac8 20. Ba3 Rfe8 21. Bb4
Qb5 22. Rxa7 g6 23. Ra5 Qc6 24. Bxe4 fxe4 25. Qf2 Be6 26. Rc5 Qd7 27. Rxc8 Rxc8
28. Qh4 b6 29. Be7 f5 30. Bf6 Qf7 31. Qh6 Rxc3 32. Ra1 Rc8 33. h4 Qf8 34. Qf4
Rc3 35. Ra7 Bf7 36. e6 Bxe6 37. Rg7+ Qxg7 38. Bxg7 Kxg7 39. Qg5 Rxb3 40. Qe7+
Bf7 41. Qe5+ Kg8 42. Qf4 b5 43. Qb8+ Kg7 44. Qe5+ Kg8 45. Qb8+ Kg7 46. Qb6 b4
47. Kh2 h6 48. Kg1 Rb1+ 49. Kh2 b3 50. Qb4 g5 51. hxg5 hxg5 52. Qa3 f4 53. exf4
gxf4 54. Qe7 b2 55. Qg5+ Kf8 56. Qd8+ Be8 57. Qd6+ Kg7 58. Qe7+ Bf7 59. Qg5+ Kh8
60. Qh6+ Kg8 61. Qg5+ Kh7 62. Qh4+ Kg7 63. Qg4+ Kf8 64. Qc8+ Ke7 65. Qc2 Rf1 66.
Qxb2 f3 67. gxf3 Rxf3 68. Qb7+ Kf8 69. Qc8+ Kg7 70. Qg4+ Bg6 71. Qd7+ Kh6 72.
Qxd5 Rf2+ 73. Kg1 Rd2 74. Qe5 Rd1+ 75. Kg2 Rd3 76. Qh2+ Kg7 77. Qf4 Rf3 78. Qe5+
Kh7 79. d5 Rd3 80. d6 e3 81. Qe7+ Kh6 82. d7 Rd2+ 83. Kf3 Bh5+ 84. Kf4 e2 85.
Qf6+ Bg6 86. Qh8+ Bh7 87. d8=Q Rxd8 88. Qxd8 e1=Q 89. Qg5# 1-0

[Event "AUTO-MASTER-3282"]
[Site "http://www.queenalice.com/game.php?id=1863329"]
[Date "2025.9.24"]
[Round "1"]
[White "Capixaba789"]
[Black "Tonto"]
[Result "1-0"]
[WhiteElo "1901"]
[BlackElo "2024"]

1. d4 e6 2. e4 Be7 3. Nc3 Nf6 4. f4 d5 5. e5 Nfd7 6. Nf3 b6 7. Bd3 c5 8. Be3 c4
9. Be2 O-O 10. O-O f6 11. Qe1 Na6 12. a3 Nc7 13. Kh1 fxe5 14. fxe5 Rf5 15. Bd1
Nf8 16. Ne2 Ng6 17. Ng3 Rf7 18. c3 a5 19. Bc2 Nh4 20. Nh5 Nxf3 21. Rxf3 Rxf3 22.
gxf3 Bg5 23. Bxh7+ Kxh7 24. Qg3 Kh6 25. Rg1 Kh7 26. Bxg5 Qf8 27. Nf4 Qf5 28.
Qh4+ Kg8 29. Bf6 Ne8 30. Ng6 Qxf3+ 31. Rg2 Kf7 32. Qh8 Qxg2+ 33. Kxg2 Kxg6 34.
Qxe8+ Kh6 35. Bh4 Bb7 36. Qxe6+ Kh7 37. Qxb6 Rb8 38. Qc7 1-0

[Event "AUTO-MASTER-3282"]
[Site "http://www.queenalice.com/game.php?id=1863330"]
[Date "2025.9.24"]
[Round "1"]
[White "Tonto"]
[Black "Capixaba789"]
[Result "1-0"]
[WhiteElo "2009"]
[BlackElo "1893"]

1. e4 e5 2. Nf3 d6 3. Be2 f5 4. Nc3 Nf6 5. d3 Be7 6. Nh4 O-O 7. exf5 Nc6 8. Be3
Nd4 9. Bxd4 exd4 10. Nb5 c5 11. O-O Nd5 12. c4 Bxh4 13. Bf3 Bxf2+ 14. Rxf2 Bxf5
15. Bxd5+ Kh8 16. Bxb7 Rb8 17. Be4 Bxe4 18. Rxf8+ Qxf8 19. dxe4 a6 20. Nc7 Rxb2
21. Qe1 h6 22. Qg3 Qf6 23. Ne8 Qf8 24. Nxd6 Rb6 25. e5 Qb8 26. Rf1 Rb1 27. Nf7+
Kg8 28. Nxh6+ Kh8 29. Nf5 Rxf1+ 30. Kxf1 Qf8 31. Qg6 Kg8 32. e6 1-0

[Event "AUTO-MASTER-3282"]
[Site "http://www.queenalice.com/game.php?id=1863347"]
[Date "2025.9.24"]
[Round "1"]
[White "chessman"]
[Black "Tonto"]
[Result "1-0"]
[WhiteElo "2110"]
[BlackElo "1981"]

1. e4 e5 2. Nf3 Nc6 3. Bb5 d6 4. d4 Bd7 5. dxe5 dxe5 6. O-O Bd6 7. Nc3 Nf6 8.
Re1 O-O 9. Nd5 a6 10. Nxf6+ Qxf6 11. Be2 Bg4 12. Be3 Qg6 13. Kh1 Qxe4 14. Bd3
Qb4 15. a3 Qxb2 16. Bxh7+ Kh8 17. Bd3 Bxa3 18. Rb1 Qc3 19. Rb3 Qa5 20. Rxb7 Bxf3
21. gxf3 Bc5 22. Rg1 Rab8 23. Rxb8 Rxb8 24. Qf1 Bxe3 25. fxe3 Ne7 26. Qh3+ Kg8
27. Qh7+ Kf8 28. Qxg7+ Ke8 29. Qh8+ Kd7 30. Qxb8 Qc5 31. Re1 Nd5 32. Bf5+ Ke7
33. Qb3 f6 34. e4 Nf4 35. Rg1 c6 36. Qb7+ Kf8 37. Qc8+ Kf7 38. Qg8+ 1-0

[Event "AUTO-OPEN-4616"]
[Site "http://www.queenalice.com/game.php?id=1863448"]
[Date "2025.9.27"]
[Round "1"]
[White "Pipo712"]
[Black "Tonto"]
[Result "1-0"]
[WhiteElo "1916"]
[BlackElo "2009"]

1. d4 Nf6 2. c4 e6 3. Nc3 Be7 4. Nf3 Nc6 5. e4 d6 6. Bd3 e5 7. d5 Nb4 8. Qa4+
Nc6 9. dxc6 bxc6 10. Qxc6+ Bd7 11. Qa6 O-O 12. O-O Qe8 13. Bg5 Bg4 14. Bxf6 Bxf6
15. Nd5 Qd8 16. Qa5 c6 17. Qxd8 Raxd8 18. Nxf6+ gxf6 19. Nh4 Kh8 20. f3 Be6 21.
Rad1 Rg8 22. Kh1 d5 23. c5 Rg5 24. Nf5 a5 25. Ng3 Rdg8 26. Rd2 d4 27. a3 h5 28.
Rc1 h4 29. Nf5 Kh7 30. b4 axb4 31. axb4 Rb8 32. Rb2 Rh5 33. b5 h3 34. g4 Rg5 35.
b6 Rgg8 36. Nd6 Kg6 37. b7 Kg5 38. Kg1 Kf4 39. Kf2 Bd7 40. Rg1 Rg5 41. Rg3 Be6
42. Rxh3 f5 43. gxf5 1-0

[Event "AUTO-OPEN-4616"]
[Site "http://www.queenalice.com/game.php?id=1863474"]
[Date "2025.9.27"]
[Round "1"]
[White "Capixabba789"]
[Black "Tonto"]
[Result "1-0"]
[WhiteElo "1906"]
[BlackElo "2012"]

1. d4 Nf6 2. Nc3 e6 3. f4 Be7 4. Nf3 O-O 5. e3 b6 6. Bd3 d5 7. O-O c5 8. dxc5
bxc5 9. a3 Nc6 10. Bd2 c4 11. Be2 Re8 12. b4 cxb3 13. cxb3 a5 14. Bd3 Bc5 15.
Bb5 Qb6 16. a4 Rd8 17. Ne5 Nxe5 18. fxe5 Ne4 19. Nxe4 Bxe3+ 20. Bxe3 Qxe3+ 21.
Nf2 Qxe5 22. Ng4 Qg5 23. Qf3 Ra7 24. Rac1 e5 25. h3 e4 26. Qf2 Re7 27. Rc5 h5
28. Ne3 Re5 29. Qxf7+ Kh7 30. Qf4 Qe7 31. Rcc1 Bxh3 32. gxh3 d4 33. Nc4 Rg5+ 34.
Kh2 e3 35. Nxa5 Rdd5 36. Bd3+ Kh6 37. Rc6+ g6 38. Rxg6+ 1-0

[Event "AUTO-OPEN-4616"]
[Site "http://www.queenalice.com/game.php?id=1863475"]
[Date "2025.9.27"]
[Round "1"]
[White "Tonto"]
[Black "Capixabba789"]
[Result "1-0"]
[WhiteElo "1998"]
[BlackElo "1864"]

1. e4 e5 2. Nf3 d6 3. Be2 f5 4. exf5 Bxf5 5. d3 Nf6 6. Bg5 Be7 7. Nc3 O-O 8.
Bxf6 Bxf6 9. Nd5 Nc6 10. c3 Bg6 11. Qb3 Bf7 12. Nxf6+ Qxf6 13. Qxb7 Ne7 14. Qxc7
Nd5 15. Qb7 e4 16. dxe4 Nxc3 17. e5 dxe5 18. bxc3 e4 19. Nd4 Bg6 20. O-O Rfb8
21. Qd5+ Kh8 22. Rab1 Rd8 23. Qe6 Qf8 24. Rb7 a5 25. Qe5 Re8 26. Ne6 1-0

[Event "Let's Play Chess!"]
[Site "http://www.queenalice.com/game.php?id=1864630"]
[Date "2025.10.25"]
[Round "-"]
[White "Mlintz"]
[Black "Tonto"]
[Result "1-0"]
[WhiteElo "1872"]
[BlackElo "2021"]

1. e4 e5 2. Nf3 Nc6 3. Bb5 d6 4. d4 Bd7 5. c4 exd4 6. Nxd4 Nf6 7. Nc3 Be7 8. O-O
Ne5 9. Bxd7+ Qxd7 10. b3 c5 11. Nf5 O-O 12. Nxe7+ Qxe7 13. h3 a6 14. Bb2 Rab8
15. a4 Nc6 16. f3 Rfd8 17. Re1 Nd4 18. Ne2 Nxe2+ 19. Qxe2 Nh5 20. Qf2 Nf4 21.
Qg3 g5 22. e5 Nd3 23. exd6 Qxe1+ 24. Rxe1 Nxe1 25. Qxe1 Kf8 26. Qe5 1-0

[Event "AUTO-MASTER-3286"]
[Site "http://www.queenalice.com/game.php?id=1864673"]
[Date "2025.10.24"]
[Round "1"]
[White "chessman"]
[Black "Tonto"]
[Result "0-1"]
[WhiteElo "2110"]
[BlackElo "1979"]

1. e4 e5 2. Nf3 Nc6 3. Bc4 d6 4. O-O Be7 5. h3 Nf6 6. d4 Nxe4 7. Bd5 Nf6 8.
Bxc6+ bxc6 9. dxe5 Nd5 10. exd6 cxd6 11. Re1 O-O 12. c4 Nf6 13. Nc3 Ba6 14. b3
d5 15. cxd5 cxd5 16. Bg5 Bb4 17. Bd2 d4 18. Na4 Bxd2 19. Qxd2 d3 20. Nc5 Bb5 21.
a4 Bc6 22. Qxd3 Bxf3 23. Qxf3 h6 24. Ne4 Nh7 25. Rad1 Qa5 26. Ng3 Rad8 27. Nf5
Ng5 28. Qh5 Qxf5 29. h4 Rxd1 30. Rxd1 Nh3+ 0-1

[Event "AUTO-MASTER-3286"]
[Site "http://www.queenalice.com/game.php?id=1864674"]
[Date "2025.10.24"]
[Round "1"]
[White "Tonto"]
[Black "cerenzo72"]
[Result "1-0"]
[WhiteElo "1991"]
[BlackElo "2142"]

1. e4 e5 2. Nf3 d6 3. Be2 Nf6 4. d3 Be7 5. h3 c6 6. Be3 O-O 7. Nbd2 Be6 8. c3
Nbd7 9. d4 exd4 10. Nxd4 Nc5 11. f3 Nh5 12. Kf2 Bh4+ 13. Kg1 Ng3 14. Rh2 Qc7 15.
Bf4 Rad8 16. b4 Nd7 17. Qe1 Nxe2+ 18. Qxe2 Be7 19. c4 Qb6 20. Be3 c5 21. Nxe6
fxe6 22. bxc5 dxc5 23. Nb3 Bf6 24. Rd1 Qa5 25. Nxa5 1-0

[Event "AUTO-MASTER-3286"]
[Site "http://www.queenalice.com/game.php?id=1864675"]
[Date "2025.10.24"]
[Round "1"]
[White "cerenzo72"]
[Black "Tonto"]
[Result "1-0"]
[WhiteElo "2137"]
[BlackElo "1978"]

1. c4 Nf6 2. Nc3 e5 3. Nf3 d6 4. e4 Be7 5. d4 exd4 6. Nxd4 c5 7. Nf3 Nc6 8. Be2
O-O 9. O-O Ng4 10. Nd5 Nce5 11. Bf4 Be6 12. Nxe7+ Qxe7 13. Ng5 f5 14. Nxe6 Qxe6
15. h3 Nf6 16. exf5 Qxf5 17. Bh2 Rad8 18. f4 Ng6 19. Bd3 Ne4 20. g4 Qf6 21. Bxe4
Qh4 22. Qf3 Ne5 23. Qg3 Qxg3+ 24. Bxg3 Nxc4 25. Bd5+ Kh8 26. Bxc4 d5 27. Be2 a6
28. Bf3 b5 29. Rad1 d4 30. f5 c4 31. a3 d3 32. Rd2 Rc8 33. Bb7 Rce8 34. Bxa6 Re3
35. Kg2 Rfe8 36. Bxb5 Re2+ 37. Rxe2 dxe2 38. Re1 Rb8 39. Bxb8 1-0